| 000 | 00760nam a22002057a 4500 | ||
|---|---|---|---|
| 999 |
_c8308 _d8308 |
||
| 003 | AR-CdUCM | ||
| 008 | 190322b ||||| |||| 00| 0 spa d | ||
| 040 |
_aMUNICIPALIDAD PROVINCIAL DEL CUSCO _cBIBLIOTECA MUNICIPAL DEL CUSCO |
||
| 082 |
_a615 / _bR81 |
||
| 100 |
_aRosentahal S. Mitchell _923344 |
||
| 245 | _aDrogas, padres e hijos / | ||
| 260 |
_aMéxico : _bDiana, _c1977. |
||
| 300 |
_a191 paginas ; _c21 cm. |
||
| 505 | _aContenido : Los niños de la sociedad son sus hijos -- La escalada del consumo de drogas -- Mas vulnerables que otros -- Un principio correcto -- La tormenta de la adolescencia | ||
| 650 |
_aConsumo de drogas _923345 |
||
| 650 |
_aAdolescenica _923346 |
||
| 650 |
_aPadres e hijos _98978 |
||
| 942 |
_2ddc _cLIBROS |
||
| 945 | _awnts | ||